MATHEMATICS-XII-VOL.2 (Record no. 8536)
[ view plain ]
| 000 -LEADER | |
|---|---|
| fixed length control field | 00271nam a22001097a 4500 |
| 082 ## - DEWEY DECIMAL CLASSIFICATION NUMBER | |
| Classification number | 510 |
| Item number | SHA/M |
| 100 ## - MAIN ENTRY--AUTHOR NAME | |
| Personal name | SHARNA,R. D |
| 245 ## - TITLE STATEMENT | |
| Title | MATHEMATICS-XII-VOL.2 |
| 246 ## - VARYING FORM OF TITLE | |
| Title proper/short title | MATHEMATICS-XII-VOL.2 |
| Remainder of title | MATHEMATICS-XII-VOL.2 |
| 260 ## - PUBLICATION, DISTRIBUTION, ETC. (IMPRINT) | |
| Place of publication | NEW DELHI |
| Name of publisher | DHANPAT RAI |
| Year of publication | 2014 |
| 942 ## - ADDED ENTRY ELEMENTS (KOHA) | |
| Koha item type | Books |
| Withdrawn status | Lost status | Collection code | Home library | Current library | Shelving location | Date acquired | Source of acquisition | Cost, normal purchase price | Full call number | Accession Number | Koha item type |
|---|---|---|---|---|---|---|---|---|---|---|---|
| Reference | Main Library | Main Library | SHELF-10 D PLUS 2 -MATHS | 14/07/2014 | PURCHASED | 345.00 | 510 SHA/M | 08879 | Books |